| 000 | 01030nam a2200301 i 4500 | ||
|---|---|---|---|
| 001 | 000010980 | ||
| 003 | DO-SdBNP | ||
| 005 | 20250502073819.0 | ||
| 007 | ta | ||
| 008 | 091013s1990 dr 000 p spa d | ||
| 040 |
_aDO-SdBNP _bspa _cBNPHU _erda |
||
| 082 | 4 |
_aRD861.44 _bV635c _222 |
|
| 100 | 1 |
_aVicioso, Abelardo, _d1930-2004 _926397 _eautor |
|
| 245 | 1 | 0 |
_a100 poemas de intenso vivir / _cAbelardo Vicioso. |
| 246 | 1 | 2 | _aCien poemas de intenso vivir |
| 264 | 4 |
_aSanto Domingo : _bONAP, _c1990. |
|
| 300 |
_a179 páginas ; _c21 cm. |
||
| 336 |
_2rdacontent _atexto _btxt |
||
| 337 |
_2rdamedia _asin mediación _bn |
||
| 338 |
_ardacarrier _bvolumen _0nc |
||
| 500 | _aIncluye datos biográficos del autor en la contracubierta. | ||
| 590 | _aInventariado, 2018/LP | ||
| 650 | 4 |
_aPoesía dominicana _xColecciones _9351 |
|
| 650 | 0 |
_aLiteratura dominicana. _967 |
|
| 710 | 1 |
_aRepública Dominicana. _bOficina Nacional de Administración y Personal _926398 |
|
| 910 | _aValidado. Control de calidad MFF | ||
| 942 |
_2ddc _cLBS1 |
||
| 999 |
_c10718 _d10718 |
||